El conocimiento privado del juez: investigaciones sobre el derecho probatorio en ambos procesos

Gespeichert in:
Bibliographische Detailangaben
1. Verfasser: Stein, Friedrich (VerfasserIn)
Format: Buch
Sprache:Spanisch
Veröffentlicht: Pamplona EUNSA 1973
Schriftenreihe:Jurídica, 49
Schlagworte:
Tags: Tag hinzufügen
Keine Tags, Fügen Sie den ersten Tag hinzu!

MARC

LEADER 00000nam a2200000 a 4500
001 UCS1267
003 CL-VaPUC
008 970509e19730000SP |||||||||||||||||spa|d
082 0 4 |a 347.06  |b STE  |2 21 
100 0 |a Stein, Friedrich  |e author  |9 385585 
245 1 3 |a El conocimiento privado del juez: investigaciones sobre el derecho probatorio en ambos procesos 
300 |a 260 p 
942 |c BK 
945 |d 19970509 00:00:00  |a paguirre 
260 |a Pamplona  |b EUNSA  |c 1973 
650 0 |a Jueces  |9 256162 
650 0 |a Prueba  |9 256247 
650 0 |a Derecho procesal civil  |9 258071 
650 0 |a Procedimiento civil  |9 254870 
583 |a last modification  |c 19970509 00:00:00  |k Rodrigo Vera 
490 0 |a Jurídica, 49 
999 |c 259366  |d 259364 
952 |0 0  |1 0  |4 0  |6 347_060000000000000_STE_1973  |7 0  |8 A  |9 284067  |a BIBDER  |b BIBDER  |d 2019-11-19  |i 1843400  |o 347.06 STE 1973  |p 1843400  |r 2023-01-25  |w 2019-11-19  |y BK  |k DER